| 000 | 00594nam a2200181 i 4500 | ||
|---|---|---|---|
| 001 | 97001 | ||
| 003 | ES-MaACL | ||
| 005 | 20230906182023.0 | ||
| 007 | t| | ||
| 008 | 050705s1979 sp ||||1| spa d | ||
| 100 | 1 |
_aMantero Sáenz, Alfonso. _9198746 |
|
| 245 | 1 | 0 |
_aProcedimiento de la inspección tributaria / _cpor Alfonso Mantero Sènz. |
| 260 |
_aMadrid : _bEscuela de Inspección Financiera y Tributaria, _c1979. |
||
| 300 |
_a442 p. ; _c24 cm. |
||
| 710 | 2 |
_aEscuela de Inspección Financiera y Tributaria (España) _93549 |
|
| 852 |
_aES-MaACL _jL-85 _bR.100503 |
||
| 999 |
_c97001 _d97001 |
||